000 00661nam a2200241Ia 4500
003 OSt
005 20220928124655.0
006 a|||||r|||| 00| 0
007 ta
008 220927b |||||||| |||| 00| 0 fre d
024 _a66809
037 _cTextual
040 _aSDCL
_cSDCL
_bfre
041 _2fre
_afre
082 _aXM8:(Z,555), P4
100 _aWells Joseph T
_9466652
245 0 _aCorporate fraud handbook
_bPrevention & detection
260 _aNew Jersey
_bJohn Wiley
_c2004
300 _axvi,440p
_ccm.
650 _aFrauds MNC
_9466653
942 _hXM8:(Z,555), P4
_cTEXL
_2CC
999 _c779485
_d779485